| 000 | 00746nam a22002057a 4500 | ||
|---|---|---|---|
| 005 | 2010073003153.0 | ||
| 010 | _aENG-97325 | ||
| 020 |
_a8188573612 _c595.00 |
||
| 035 | _aEN-80858 | ||
| 037 | _bDBAD/PUB | ||
| 082 | _a364.36 | ||
| 100 |
_aBachhav, Arun _92745 |
||
| 245 |
_aDelinquent behavior : _ba psycho social perspective / _cby Arun Bachhav |
||
| 260 |
_aKanpur _bChandralok Prakashan _c2010 |
||
| 270 |
_a132, Shivam Kripa Mayur Park,Basant Vihar, _bKanpur _e208021 |
||
| 300 |
_a236p. _c22cm, (Hb) |
||
| 650 |
_aJuvenile delinquency _92746 |
||
| 942 |
_2ddc _cEN _h364.36 _mBAC |
||
| 999 |
_c38292 _d38292 |
||